Health unit coordinating

This books offers the only comprehensive, in-depth coverage available on health unit coordinating. From greeting new patients to dealing with visitors, transcribing physicians' orders for patient treatment, maintaining statistical reports, preparing patient charts, and more... each chapter prov...

Ausführliche Beschreibung

Gespeichert in:
Bibliographische Detailangaben
1. Verfasser: Brooks, Myrna LaFleur
Format: Buch
Sprache:Undetermined
Veröffentlicht: St. Louis ( Missouri ) Saunders 2003
Schlagworte:
Tags: Tag hinzufügen
Keine Tags, Fügen Sie den ersten Tag hinzu!
Thư viện lưu trữ: Trung tâm Học liệu Trường Đại học Cần Thơ
LEADER 00951nam a2200217Ia 4500
001 CTU_126590
008 210402s9999 xx 000 0 und d
020 |c 49.46 
082 |a 651.504261 
082 |b B873 
100 |a Brooks, Myrna LaFleur 
245 0 |a Health unit coordinating 
245 0 |c Myrna LaFleur Brooks, Elaine A. Gillingham 
260 |a St. Louis ( Missouri ) 
260 |b Saunders 
260 |c 2003 
520 |a This books offers the only comprehensive, in-depth coverage available on health unit coordinating. From greeting new patients to dealing with visitors, transcribing physicians' orders for patient treatment, maintaining statistical reports, preparing patient charts, and more... each chapter provides theory discussion of key topics. 
650 |a Hospital ward clerks,Medical records,Medicine 
650 |x Terminology 
904 |i Giang,Huỳnh Mai 
980 |a Trung tâm Học liệu Trường Đại học Cần Thơ